1618 1294 1271 1600 1988 1295 1155 1331 1337 1921 1832 1695 1157 1444 1881 1987 1612 1414 1471 1349 1467 1431 1360 1747 1088 1522 1437 1337 1475 1529 1744 1856 1796 1240 1283 1725 1233 1373 1917 1289 1787 1926 1029 1819 1044 1861 1862 1144 1985 1923 1974 1018 1803 1799 1511 1725 1901 1522 1913 1434 1687 1746 1010 1205 1274 1264 1776 1453 1674 1298 1341 1483 1673 1172 1345 1542 1902 1580 1177 1908 1914 1699 1455 1268 1405 1313 1588 1988 1801 1846 1767 1177 1676 1580 1543 1305 1660 1147 1156 BCNSPRNW ULIB Ver.6.0+V

เปลี่ยนเป็นภาษาไทย

Change to English
 แสดงรายละเอียดบรรณานุกรม
  กลับหน้าหลัก

Brief Record : Get Marc (ISO 2709) : E-mail record : QR code < ปิดหน้าต่าง
LEADER : 00000nam 2200000uu 4500
001    13399111883
003     ULIB
008    110627s2551||||th 000 0 tha d
020    9789741667680
090    นว.^bส681ส 2551
100 0  สาริสา
245 00 สืบร้อน ซ่อนรัก/^cสาริสา
250    พิมพ์ครั้งที่ 1
260    กรุงเทพฯ :^bษาริน,^c2551
300    280 หน้า
945    ^p199^l0^i024487
995    ทศพร
999 ^a ใช้งานได้ทุกระบบ
รายการนี้ยังไม่มีแท็ก
คุณยังไม่ได้ล็อกอิน คุณสามารถมีกิจกรรมร่วมกับเว็บไซต์ได้ แต่ต้องล็อกอินก่อน ::
  ล็อกอิน

รายการสื่อสารสนเทศ

ลำดับที่ ประเภท เลขเรียก/บาร์โค้ด สถานที่ สถานะ
- ไม่พบข้อมูล -

BibComment


ยังไม่เคยถูกคอมเมนท์

คอมเมนท์ทรัพยากรรายการนี้
  คอมเมนท์: สืบร้อน ซ่อนรัก ส..


 Copyright 2026. Bcnsprnw @Library